Statistics for World Countries with Nine or More Borders (with a map)

Click here to take the quiz!

General Stats

  • This quiz has been taken 746 times
  • The average score is 5 of 6

Answer Stats

Country % Correct
Russia
99%
China
98%
Brazil
93%
DR Congo
92%
Germany
77%
France
56%

Score Distribution

Percentile by Number Answered

Percent of People with Each Score

Your Score History

You have not taken this quiz